Интегрированные производственные системы и ИПИ-технологии (Запись № 11421733)
[ простой вид ]
| 000 -МАРКЕР | |
|---|---|
| контрольное поле | 01911nam0a2200337 4500 |
| 001 - ИДЕНТИФИКАТОР ЗАПИСИ | |
| контрольное поле | RU\NLR\BIBL_A\011384931 |
| 005 - ИДЕНТИФИКАТОР ВЕРСИИ | |
| контрольное поле | 20241115074505.0 |
| 010 ## - МЕЖДУНАРОДНЫЙ СТАНДАРТНЫЙ НОМЕР КНИГИ (ISBN) | |
| Номер (ISBN) | 9785808811621 |
| Тираж | 50 |
| 021 ## - НОМЕР ГОСУДАРСТВЕННОЙ РЕГИСТРАЦИИ | |
| Код страны | Российская Федерация |
| Номер | 2017-25927 |
| Номер Листа государственной регистраци | 1925 |
| 035 ## - ДРУГИЕ СИСТЕМНЫЕ НОМЕРА | |
| Идентификатор записи | (RuMoRGB)008851054 |
| 035 ## - ДРУГИЕ СИСТЕМНЫЕ НОМЕРА | |
| Идентификатор записи | (NLR Aleph) 011384931 |
| 100 ## - ДАННЫЕ ОБЩЕЙ ОБРАБОТКИ | |
| Данные общей обработки | 20170515d2016 u y0rusy50 ca |
| 101 0# - ЯЗЫК РЕСУРСА | |
| Язык текста, звукозаписи и т.д. | русский |
| 102 ## - СТРАНА ПУБЛИКАЦИИ ИЛИ ПРОИЗВОДСТВА | |
| Страна публикации | Российская Федерация |
| 105 ## - ПОЛЕ КОДИРОВАННЫХ ДАННЫХ: ТЕКСТОВЫЕ МАТЕРИАЛЫ, МОНОГРАФИЧЕСКИЕ | |
| Кодированные данные о монографическом текстовом документе | a|||zzzz0|1yy |
| 200 1# - ЗАГЛАВИЕ И СВЕДЕНИЯ ОБ ОТВЕТСТВЕННОСТИ | |
| Основное заглавие | Интегрированные производственные системы и ИПИ-технологии |
| Сведения, относящиеся к заглавию | учебное пособие |
| Первые сведения об ответственности | В. П. Ларин |
| Последующие сведения об ответственности | Министерство образования и науки Российской Федерации, Федеральное государственное автономное образовательное учреждение высшего образования Санкт-Петербургский государственный университет аэрокосмического приборостроения |
| 210 ## - ПУБЛИКАЦИЯ, РАСПРОСТРАНЕНИЕ И ДР. | |
| Место издания, распространения и т.д. | Санкт-Петербург |
| Имя издателя, распространителя и т. д. | ГУАП |
| Дата издания, распространения и т.д. | 2016 |
| 215 ## - ФИЗИЧЕСКАЯ ХАРАКТЕРИСТИКА | |
| Специфическое обозначение материала и объем | 189 с. |
| Другие сведения о физической характеристике | ил. |
| Размеры | 21 |
| 320 ## - ПРИМЕЧАНИЯ О НАЛИЧИИ В ДОКУМЕНТЕ БИБЛИОГРАФИИ / УКАЗАТЕЛЯ | |
| Текст примечания | Библиогр.: с. 181 (12 назв.) |
| 606 ## - НАИМЕНОВАНИЕ ТЕМЫ КАК ПРЕДМЕТ | |
| Наименование темы | Производственные системы |
| Формальный подзаголовок | Учебные издания для высших учебных заведений |
| Системный номер авторитетной/нормативной записи | 2015210 |
| Идентификатор авторитетной/нормативной записи | RU\NLR\AUTH\66926916 |
| 606 1# - НАИМЕНОВАНИЕ ТЕМЫ КАК ПРЕДМЕТ | |
| Наименование темы | Экономический цикл жизни изделия |
| Формальный подзаголовок | Учебные издания для высших учебных заведений |
| Системный номер авторитетной/нормативной записи | 1119026 |
| Идентификатор авторитетной/нормативной записи | RU\NLR\AUTH\66443069 |
| 606 ## - НАИМЕНОВАНИЕ ТЕМЫ КАК ПРЕДМЕТ | |
| Наименование темы | АСУТП |
| Тематический подзаголовок | Проектирование |
| Системный номер авторитетной/нормативной записи | 2321928 |
| Идентификатор авторитетной/нормативной записи | RU\NLR\AUTH\661389053 |
| 686 ## - ИНДЕКСЫ ДРУГИХ КЛАССИФИКАЦИЙ | |
| Индекс | З986.1-02я73-1 |
| Код системы | |
| 686 1# - ИНДЕКСЫ ДРУГИХ КЛАССИФИКАЦИЙ | |
| Индекс | У5-801я73 |
| 686 1# - ИНДЕКСЫ ДРУГИХ КЛАССИФИКАЦИЙ | |
| Индекс | У30(2)-82в612я73 |
| 700 #1 - ИМЯ ЛИЦА - ПЕРВИЧНАЯ ОТВЕТСТВЕННОСТЬ | |
| Начальный элемент ввода | Ларин |
| Часть имени, кроме начального элемента ввода | В. П. |
| Расширение инициалов личного имени | Валерий Павлович |
| 942 ## - ДОПОЛНИТЕЛЬНЫЕ ЭЛЕМЕНТЫ ЗАПИСИ (АБИС) | |
| Тип экземпляра АБИС | Книга |
| 980 ## - КОЛЛЕКЦИЯ | |
| Название коллекции | НБР |
Нет доступных экземпляров.